Biblioteca y Centro de Documentación

30 años de jurisprudencia social del Tribunal Supremo (1986-2016). Tendencias generales (Registro nro. 49755)

Detalles MARC
000 -CABECERA
Longitud fija campo de control 00968naa a2200241 c 4500
001 - NÚMERO DE CONTROL
Número de control 49755
003 - IDENTIFICADOR DE NÚMERO DE CONTROL
Identificador del número de control ES-MaCES
005 - FECHA Y HORA DE LA ÚLTIMA TRANSACCIÓN
Fecha y hora de la última transacción 20180322142108.0
008 - CAMPO FIJO DE DESCRIPCIÓN FIJA--INFORMACIÓN GENERAL
Códigos de información de longitud fija   170725s2017 sp ||||| t||||||| ||spa d
040 ## - FUENTE DE CATALOGACIÓN
Centro catalogador de origen ES-MaCES
Lengua de catalogación spa
Centro transcriptor ES-MaCES
Centro modificado ES-MaCES
100 ## - ENCABEZAMIENTO PRINCIPAL--NOMBRE PERSONAL
9 (RLIN) 7303
Nombre de persona Baylos Grau, Antonio
245 10 - MENCIÓN DE TÍTULO
Título 30 años de jurisprudencia social del Tribunal Supremo (1986-2016). Tendencias generales
Mención de responsabilidad, etc. Antonio Pedro Baylos Grau
650 #4 - ASIENTO SECUNDARIO DE MATERIA--TÉRMINO DE MATERIA
9 (RLIN) 27165
Término de materia o nombre geográfico como elemento inicial derecho del trabajo
650 #4 - ASIENTO SECUNDARIO DE MATERIA--TÉRMINO DE MATERIA
9 (RLIN) 27166
Término de materia o nombre geográfico como elemento inicial legislación del trabajo
650 #4 - ASIENTO SECUNDARIO DE MATERIA--TÉRMINO DE MATERIA
9 (RLIN) 28624
Término de materia o nombre geográfico como elemento inicial jurisprudencia
650 #4 - ASIENTO SECUNDARIO DE MATERIA--TÉRMINO DE MATERIA
9 (RLIN) 29919
Término de materia o nombre geográfico como elemento inicial tribunal supremo
650 #4 - ASIENTO SECUNDARIO DE MATERIA--TÉRMINO DE MATERIA
9 (RLIN) 26964
Término de materia o nombre geográfico como elemento inicial España
650 #4 - ASIENTO SECUNDARIO DE MATERIA--TÉRMINO DE MATERIA
9 (RLIN) 38434
Término de materia o nombre geográfico como elemento inicial 1986-2016
653 10 - TÉRMINO DE INDEXACIÓN--NO CONTROLADO
Término no controlado Derecho del trabajo y Seguridad Social
773 0# - ENTRADA DE DOCUMENTO FUENTE
Itemnumber del ítem fuente 86122
Lugar, editor y fecha de publicación Albacete (Concepción, 12, 2º izda., 02002) Bomarzo 1998-
Otro identificador del documento 089020
Título Revista de derecho social
Número de control del registro relacionado (ES-MaCES)25695
Parte(s) relacionada(s) n. 77 (en.-marzo 2017) {10693 R. 089020} ;p. 43-60
902 ## - CES. TIPO DE DOCUMENTO
Tipodoc (006$c Sirtex) ART Artículo de revista
942 ## - ELEMENTOS KOHA
Fuente de clasificaión o esquema Clasificación propia del CES
Koha [por defecto] tipo de item Artículos (1982-2017)
Parte de clasificación Derecho del Trabajo y Seguridad Social

No hay ítems disponibles.

© CES, Consejo Económico y Social de España 2021